| 000 | 00647cam a22001938i 4500 | ||
|---|---|---|---|
| 008 | 150804s2016 nyu b 001 0 eng | ||
| 020 | _a9781138847170 (hardback : alk. paper) | ||
| 020 | _a9781138847187 (pbk. : alk. paper) | ||
| 020 | _a9781315726939 (ebook) | ||
| 050 | 0 | 0 |
_aSB472.45 _b.S53 2016 |
| 082 | 0 | 0 | _a712 |
| 100 | 1 | _aSharky, Bruce, | |
| 245 | 1 | 0 |
_aThinking about landscape architecture : _bprinciples of a design profession for the 21st century / _cBruce Sharky. |
| 260 |
_aOxon _bRouttedge, Taylor an frances group _c2016 |
||
| 300 | _axix, 220p. | ||
| 650 | 0 | _aLandscape design. | |
| 650 | 0 | _aLandscape architecture. | |
| 942 | _cBK | ||
| 999 |
_c3499 _d3499 |
||